[Event "SRB-ch U14"]
[Site "Kragujevac"]
[Date "2011.04.25"]
[Round "3"]
[White "Pavlovic, Luka"]
[Black "Korponai, Akos"]
[Result "0-1"]
[WhiteElo "1800"]
[BlackElo "1638"]
[PlyCount "112"]
[EventDate "2011.04.24"]
[EventType "swiss"]
[EventRounds "9"]
[EventCountry "SRB"]
[SourceTitle "EXT 2019"]
[Source "ChessBase"]
[SourceDate "2018.10.10"]
[SourceVersion "1"]
[SourceVersionDate "2018.10.10"]
[SourceQuality "1"]

1. e4 c5 2. Nc3 d6 3. f4 e6 4. Nf3 Nf6 5. Bc4 Nc6 6. 0-0 Be7 7. d3 a6 8. f5 exf5 9. Bg5 0-0 10. Bxf6 Bxf6 11. Nd2 Bd4+ 12. Kh1 Bxc3 13. bxc3 fxe4 14. Qh5 Ne5 15. Nxe4 Nxc4 16. dxc4 Be6 17. Rae1 Bxc4 18. Rf4 f6 19. Rh4 h6 20. Rg4 f5 21. Nf6+ Qxf6 22. Rxc4 Qg5 23. Qf3 Rae8 24. Rd1 Qd2 25. Rf1 Re1 26. Rf4 Rfe8 27. Qg3 Qe2 28. Qd3 Rxf1+ 29. Rxf1 Qxd3 30. cxd3 Re3 31. Rd1 Re2 32. a4 Ra2 33. g4 f4 34. Rb1 Kf7 35. Rxb7+ Kf6 36. h4 Rd2 37. g5+ hxg5 38. hxg5+ Kxg5 39. Rxg7+ Kf5 40. Ra7 Rxd3 41. Rxa6 Ke5 42. c4 Rc3 43. Ra8 Rxc4 44. a5 Ra4 45. a6 Kd4 46. a7 d5 47. Kg2 c4 48. Kf3 Kd3 49. Rd8 Rxa7 50. Rxd5+ Kc2 51. Rd4 c3 52. Kxf4 Re7 53. Rd6 Kc1 54. Kf3 c2 55. Kf2 Re4 56. Kf3 Rb4 0-1

[Event "SRB-ch U14"]
[Site "Sokobanja"]
[Date "2010.04.06"]
[Round "2"]
[White "Pavlovic, Luka"]
[Black "Vucinic, Gojko"]
[Result "0-1"]
[WhiteElo "1789"]
[BlackElo "1990"]
[PlyCount "36"]
[EventDate "2010.04.05"]
[EventType "swiss"]
[EventRounds "9"]
[EventCountry "YUG"]
[SourceTitle "CBM 136 Extra"]
[Source "ChessBase"]
[SourceDate "2010.07.02"]
[SourceVersion "2"]
[SourceVersionDate "2010.07.15"]
[SourceQuality "1"]

1. e4 c5 2. Nc3 Nc6 3. f4 g6 4. Nf3 Bg7 5. g3 e6 6. Bg2 Nge7 7. 0-0 0-0 8. d3 d5 9. e5 Rb8 10. Kh1 b5 11. d4 cxd4 12. Nxd4 b4 13. Nce2 Ba6 14. Nxc6 Nxc6 15. Re1 Qb6 16. c3 Rbc8 17. cxb4 Nxb4 18. Qb3 Nc2 0-1

[Event "Belgrade Spring op"]
[Site "Belgrade"]
[Date "2009.03.31"]
[Round "9"]
[White "Nenezic, Zoran"]
[Black "Pavlovic, Luka"]
[Result "1/2-1/2"]
[WhiteElo "1872"]
[BlackElo "1624"]
[PlyCount "103"]
[EventDate "2009.03.21"]
[EventType "swiss"]
[EventRounds "9"]
[EventCountry "YUG"]
[SourceTitle "CBM 129 Extra"]
[Source "ChessBase"]
[SourceDate "2009.05.05"]
[SourceVersion "2"]
[SourceVersionDate "2009.05.20"]
[SourceQuality "1"]

1. c4 g6 2. Nc3 c5 3. Nf3 Nf6 4. d4 Bg7 5. e4 cxd4 6. Nxd4 d6 7. f3 0-0 8. Be3 Nc6 9. Qd2 Bd7 10. g4 a6 11. 0-0-0 Qc7 12. Kb1 Ne5 13. g5 Nh5 14. Nd5 Qd8 15. f4 Nc6 16. Be2 Bxd4 17. Bxd4 Nxd4 18. Qxd4 Ng7 19. h4 Ne6 20. Qe3 Bc6 21. h5 Rb8 22. hxg6 fxg6 23. Qh3 Rf7 24. f5 Bxd5 25. cxd5 Nf4 26. Qe3 Nxe2 27. fxg6 Rg7 28. Rxh7 Rxh7 29. gxh7+ Kxh7 30. Rh1+ Kg7 31. Qxe2 Qe8 32. Rh6 Qb5 33. Qxb5 axb5 34. Re6 Kf7 35. g6+ Ke8 36. Kc2 Kd7 37. Kd3 Rf8 38. Ke3 Rf1 39. Kd4 Rf4 40. Kc3 Rf2 41. a3 Rf3+ 42. Kb4 Rf2 43. b3 Rf3 44. a4 bxa4 45. bxa4 Rf1 46. Kc4 Ra1 47. Kd4 Rxa4+ 48. Ke3 b5 49. g7 Ra8 50. Kf4 b4 51. Kg5 b3 52. Rh6 1/2-1/2

[Event "Belgrade Spring op"]
[Site "Belgrade"]
[Date "2009.03.30"]
[Round "8"]
[White "Pavlovic, Luka"]
[Black "Koprivica, Cedomir"]
[Result "1-0"]
[WhiteElo "1624"]
[BlackElo "2055"]
[PlyCount "75"]
[EventDate "2009.03.21"]
[EventType "swiss"]
[EventRounds "9"]
[EventCountry "YUG"]
[SourceTitle "CBM 129 Extra"]
[Source "ChessBase"]
[SourceDate "2009.05.05"]
[SourceVersion "2"]
[SourceVersionDate "2009.05.20"]
[SourceQuality "1"]

1. e4 c5 2. Nc3 Nc6 3. f4 e6 4. Bc4 Nge7 5. d3 d5 6. Bb3 a6 7. a4 g6 8. Nf3 Bg7 9. 0-0 0-0 10. Qe1 Qb6 11. Kh1 Nb4 12. Qh4 f6 13. g4 a5 14. e5 Nxd3 15. cxd3 Qxb3 16. exf6 Bxf6 17. Ng5 Bxg5 18. Qxg5 Rf7 19. f5 Bd7 20. Re1 Qb6 21. f6 Nc6 22. Qf4 Nd4 23. Rf1 Re8 24. g5 e5 25. Qg3 Bc6 26. Kg1 Nb3 27. Ra3 Nxc1 28. Rxc1 c4+ 29. Qf2 Qxf2+ 30. Kxf2 cxd3 31. Nb5 Bxb5 32. axb5 e4 33. Ke3 b6 34. Rac3 Rd7 35. Rc8 d4+ 36. Kd2 Rxc8 37. Rxc8+ Kf7 38. Rh8 1-0